000 00517nam a22001697a 4500
005 20251108174552.0
008 250721s2008 xx 000 0 ara d
082 1 4 _a811.9565/يعق
100 1 _aيعقوب، سعيد
_eمؤلف
245 1 0 _aديوان في هيكل الأشواق /
264 1 _aعمان :
_bدار المأمون للنشر و التوزيع،
_c2008.
300 _a123 ص.
650 1 7 _aالشعر العربي
650 1 7 _aالادب العربي
942 _2ddc
_cBK
999 _c112494
_d112494